|
|
|
แสดงรายละเอียดบรรณานุกรม |
|
|
Brief Record
: Get Marc (ISO 2709)
: E-mail record
: |
| LEADER 01174nam 2200277 a 4500 | |||
| 001 14728 | |||
| 003 ULIBM | |||
| 008 030417s|||| caua sb 001 0 tha | |||
| 020 ^aเลขมาตราฐาน | |||
| 060 ^aเลขเรียก^bอักษรย่อผู้แต่ง | |||
| 100 ^aผู้แต่ง1 | |||
| 245 ^aชื่อหนังสือ | |||
| 246 ^aแปลจากเรื่อง | |||
| 260 ^aสถานที่พิมพ์:^bสำนักพิมพ์,^cปีที่พิมพ์ | |||
| 500 ^aที่มา | |||
| 650 ^aหัวเรื่อง1\\n หัวเรื่อง2\\n หัวเรื่อง3\\n หัวเรื่อง4\\n หัวเรื่อง5 | |||
| 700 ^aผู้แต่ง2\\n ผู้แต่ง3\\n ผู้แปล | |||
| 913 ^aImported by ULIBM Administrator | |||
| 949 ^aImport form external file by ULIBM system | |||
| คุณยังไม่ได้ล็อกอิน คุณสามารถมีกิจกรรมร่วมกับเว็บไซต์ได้ แต่ต้องล็อกอินก่อน :: |
|
| สถานะ | |||||||||
| 1. | หนังสือ | Barcode: 0idbook | On Shelf | ||||||
| [แสดง 1/1 รายการ] | |||||||||
| รายการใกล้เคียง ชื่อเรื่อง [ชื่อหนังสือ] |
BibComment |
| คอมเมนท์ทรัพยากรรายการนี้ |
|
|